| 000 | 00633nam a2200181Ia 4500 | ||
|---|---|---|---|
| 008 | 090124s9999 xx 000 0 und d | ||
| 082 |
_b42455 _a294.5 |
||
| 100 | _aसाखरे किसन महाराज | ||
| 245 | _a सार्थ चिरंजीवपद | ||
| 250 | _a1 | ||
| 260 |
_bयशोधन प्रकाशन _c1989 |
||
| 300 | _a192 | ||
| 600 | _aसाखरे किसन महाराज | ||
| 630 | _a सार्थ चिरंजीवपद | ||
| 700 | _aसाखरे किसन महाराज | ||
| 730 | _a सार्थ चिरंजीवपद | ||
| 942 | _cBOOK | ||
| 999 |
_c108648 _d108648 |
||